Emergence of sociological theory (Record no. 13307)

MARC details
000 -LEADER
fixed length control field 00483nam a2200181Ia 4500
008 - FIXED-LENGTH DATA ELEMENTS--GENERAL INFORMATION
fixed length control field 230917s9999||||xx |||||||||||||| ||und||
020 ## - ISBN
Price RS995
040 ## - CATALOGING SOURCE
-- 221940
Original cataloging agency VIVEKANANDA LIBRARY
041 ## - Language
-- English
082 ## - DDC NUMBER
Classification number 301.0973 T851E(6)
100 ## - MAIN ENTRY--PERSONAL NAME
Personal name Turner, Jonathan H
245 #0 - TITLE STATEMENT
Title Emergence of sociological theory
250 ## - EDITION STATEMENT
Edition statement 6th ed.
260 ## - PUBLICATION, DISTRIBUTION, ETC. (IMPRINT)
Place of publication, distribution, etc New Delhi
Name of publisher, distributor, etc Cengag Learning
Date of publication, distribution, etc 2007
300 ## - PHYSICAL DESCRIPTION
Pages xv, 382 p.
500 ## - GENERAL NOTE
General note 1797 07/01/2015 HBD6271 06/02/2015 Main Budget
942 ## - ADDED ENTRY ELEMENTS (KOHA)
Koha item type Books
Holdings
Withdrawn status Lost status Damaged status Not for loan Location (home branch) Sublocation or collection (holding branch) Date acquired Koha issues (times borrowed) Koha full call number Accession No. Koha date last seen Koha item type
        VIVEKANANDA LIBRARY VIVEKANANDA LIBRARY 03/03/2015   301.0973 T851E(6) 309643 17/09/2023 Books
        VIVEKANANDA LIBRARY VIVEKANANDA LIBRARY 03/03/2015   301.0973 T851E(6) 358448 17/09/2023 Books
© Designed and Maintained by Vivekananda Library, MDU Rohtak